| Tag |
First Indicator |
Second Indicator |
Subfields |
| LEADER |
00000cam a2200000Mi 4500 |
| 001 |
in00001644913 |
| 005 |
20151023094039.0 |
| 008 |
010831s2001 au 000 1 gerod |
| 020 |
|
|
|a 3852183618 (hd.bd.)
|
| 035 |
|
|
|a (OCoLC)ocm47899085
|
| 040 |
|
|
|a OHX
|b ger
|c OHX
|d TXA
|d UtOrBLW
|
| 049 |
|
|
|a TXAM
|
| 072 |
|
7 |
|a PT
|2 lcco
|
| 090 |
|
|
|a PT2673.E74
|b A33 2001
|
| 100 |
1 |
|
|a Merz, Klaus,
|d 1945-
|
| 245 |
1 |
0 |
|a Adams Kostüm :
|b drei Erzählungen /
|c Klaus Merz ; mit Bildern von Heinz Egger.
|
| 264 |
|
1 |
|a Innsbruck :
|b Haymon,
|c 2001.
|
| 300 |
|
|
|a 92 pages :
|b some illustrations ;
|c 22 cm.
|
| 336 |
|
|
|a text
|b txt
|2 rdacontent
|
| 337 |
|
|
|a unmediated
|b n
|2 rdamedia
|
| 338 |
|
|
|a volume
|b nc
|2 rdacarrier
|
| 938 |
|
|
|a Otto Harrassowitz
|b HARR
|n har015017726
|c 29.80 DEM
|
| 948 |
|
|
|a cataloged
|b h
|c 2001/11/20
|d c
|e jgreene
|f 2:33:40 pm
|
| 994 |
|
|
|a E0
|b TXA
|
| 999 |
|
|
|a MARS
|
| 999 |
f |
f |
|s 3dd4e41f-ca57-3e5c-98a8-566fed3ecc58
|i 659cfa23-7703-3f51-8869-6bcb40280c96
|t 0
|
| 952 |
f |
f |
|p ric
|a Texas A&M University
|b Rellis Campus
|c Joint Library Facility
|d Remote Storage
|t 0
|e PT2673.E74 A33 2001
|h Library of Congress classification
|i unmediated -- volume
|m A14828315727
|
| 998 |
f |
f |
|a PT2673.E74 A33 2001
|t 0
|l Remote Storage
|